000 00379nab a22001097u 4500
008 130520b2010 xxu||||| |||| 00| 0 spa d
041 _aspa
100 1 _aReimer-Barry, Emily
_982846
245 0 0 _aLa formación teológica como ministerio en la Iglesia. Problemas y promesas
_cEmily Reimer-Barry
773 0 _tConcilium
_gnº334,2010,págs. 105-114
_x0210-1041
_wRev134
942 _cAR
999 _c412269
_d412269